000 00282nam a2200133Ia 4500
100 _aKhurmi/R.S/ Shah/C.S
942 _cBK
654 _aHeat engines
245 _aHeat Engines
260 _bS.Chand & co
_aNew Delhi
_c1982
082 _a621.4
300 _a711
546 _aENGLISH
999 _c21917
_d21917